000 01298nam a2200361 i 4500
001 68874
003 Mx-PuUPA
005 20250825123348.0
008 250821s2016 mx |||dr|||| 00| f spa d
020 _a9786072422452
020 _a9789687791760
_qde la colección El Barco de Vapor
040 _aMx-PuUPA
_bspa
_cMx-PuUPA
_dMx-PuUPA
_erda
041 0 _aspa
100 1 _aDíaz, Gloria Cecilia,
_913425
_eautor
245 1 3 _aLa otra cara del sol /
_cGloria Cecilia Díaz
250 _aSegunda edición
264 1 _aCiudad de México :
_bSM de Ediciones,
_c2016
300 _a116 páginas ;
_c19 cm
336 _2rdacontent
_atexto
_btxt
337 _2rdamedia
_asin medio
_bn
338 _2rdacarrier
_avolumen
_bnc
490 1 _aEl barco de vapor. Roja ;
_v19 M
500 _aReimpresiones: (Primera, 2019).
650 7 _2armarc
_aLiteratura colombiana
650 7 _2armarc
_aFamilias
_vNovela juvenil
650 7 _2armarc
_aPerseverancia (Ética)
_vNovela juvenil
650 7 _2armarc
_aMuchachas
_xConducta (Ética)
_vNovela juvenil
650 7 _2armarc
_aFamilia
_xLiteratura infantil
830 3 _aEl barco de vapor.
_pRoja
_v19 M
942 _2ddc
_cLI
_h863
_iB
999 _c68874
_d68874